[Event "39th Olympiad Women"]
[Site "Khanty-Mansiysk RUS"]
[Date "2010.09.27"]
[Round "6"]
[White "Bakri,Al"]
[Black "Fierro Baquero,M"]
[Result "1-0"]
[WhiteElo "1904"]
[BlackElo "2368"]

1.d4 g6 2.Nf3 Bg7 3.e4 d6 4.c4 Nf6 5.Nc3 O-O 6.Be2 Nbd7 7.O-O e5 8.Be3 Ng4
9.Bg5 f6 10.Bd2 c6 11.Ne1 Nh6 12.d5 f5 13.dxc6 bxc6 14.Bxh6 Bxh6 15.Qxd6 Rf6
16.Qd1 Qe7 17.Qc2 Nc5 18.Rd1 a5 19.Bf3 Ne6 20.Ne2 Ng5 21.Ng3 f4 22.Ne2 Nxf3+
23.Nxf3 g5 24.Qd3 Bg4 25.h3 Bh5 26.Qd7 Re8 27.Qxe7 Rxe7 28.Rd8+ Bf8 29.Ra8 g4
30.hxg4 Bxg4 31.Rd1 Rg7 32.Kf1 Rh6 33.Neg1 Bxf3 34.Nxf3 Rh1+ 35.Ke2 Rxd1
36.Kxd1 Rxg2 37.Ke2 Kg7 38.Rxa5 Kf6 39.Rxe5 Bd6 40.Rf5+ Ke7 41.Rh5 Rg7 42.Nd4 Kd7
43.Kf3 Re7 44.Ne2 Ke8 45.Nxf4 Rf7 46.Rf5 Ra7 47.a3 Ra4 48.c5 Bxf4 49.Kxf4 Rc4
50.f3 Rc2 51.b4 Rc3 52.Rh5  1-0

[Event "EYCC Boys U18"]
[Site "Batumi GEO"]
[Date "2010.09.28"]
[Round "9"]
[White "Demac,E"]
[Black "Bakunc,R"]
[Result "0-1"]
[WhiteElo "2226"]
[BlackElo "2086"]

1.d4 Nf6 2.Nf3 g6 3.c4 Bg7 4.Nc3 O-O 5.e4 d6 6.Be2 e5 7.d5 Nbd7 8.Be3 Ng4
9.Bd2 Ngf6 10.Be3 Ng4 11.Bd2 a5 12.h3 Ngf6 13.Be3 Nc5 14.Nd2 Ne8 15.g4 f5
16.gxf5 gxf5 17.exf5 Bxf5 18.h4 Kh8 19.Nf1 Nf6 20.Ng3 Bd7 21.Bg5 Qe8 22.h5 Ng8
23.Qd2 Rf4 24.O-O-O Bh6 25.Bxh6 Nxh6 26.f3 Nf5 27.Nxf5 Bxf5 28.Rdg1 Qf7 29.Qd1 Rg8
30.Qe1 h6 31.Rxg8+ Qxg8 32.Rg1 Qf7 33.Qg3 Bh7 34.a3 Rf5 35.Qh4 Qf6 36.Qxf6+ Rxf6
37.Nb5 Na6 38.Kd2 Rf5 39.Rh1 Rf4 40.Ke3 Kg7 41.Rg1+ Kf6 42.Bd3 Bxd3 43.Kxd3 Rxf3+
44.Ke2 Rh3 45.Rg6+ Kf5 46.Rxh6 Rh2+  0-1

[Event "39th Olympiad Women"]
[Site "Khanty-Mansiysk RUS"]
[Date "2010.09.28"]
[Round "7"]
[White "Monteiro,S"]
[Black "Ni,V"]
[Result "1/2-1/2"]
[WhiteElo "1818"]
[BlackElo "2199"]

1.d4 Nf6 2.c4 g6 3.Nc3 Bg7 4.e4 d6 5.Nf3 O-O 6.Be2 e5 7.dxe5 dxe5 8.Qxd8 Rxd8
9.Bg5 Rf8 10.Nd5 Nxd5 11.cxd5 c6 12.Bc4 b5 13.Bb3 a5 14.a4 Bb7 15.dxc6 Bxc6
16.Nd2 Nd7 17.axb5 Bxb5 18.Bc4 Bxc4 19.Nxc4 Rfc8 20.Nxa5 Nc5 21.f3 h6 22.Be3 Nd3+
23.Ke2 Nxb2 24.Rhc1 Rxc1 25.Bxc1 Nc4 26.Nb3 Rb8 27.Nd2 Nd6 28.Rb1 Ra8 29.Kd3 f5
30.Rb6 Rd8 31.Ke2 Kh7 32.Ba3 Nf7 33.Rb7 Kg8 34.Rb6 Kh7 35.Rb7 Kg8 36.Rb6 Kh7  1/2-1/2

[Event "Highlands Open"]
[Site "Zdar nad Sazavou CZE"]
[Date "2010.09.28"]
[Round "5"]
[White "Smolik,Boris"]
[Black "Paldus,P"]
[Result "1-0"]
[WhiteElo "1888"]
[BlackElo "2066"]

1.d4 d6 2.Nf3 Nf6 3.c4 g6 4.Nc3 Bg7 5.e4 O-O 6.Be2 Nbd7 7.O-O e5 8.d5 h6
9.b4 Nh7 10.Ne1 a5 11.bxa5 Rxa5 12.Be3 f5 13.f3 f4 14.Bf2 Nc5 15.Nd3 Nxd3
16.Qxd3 Qg5 17.Rfb1 b6 18.Nb5 Bh3 19.Bf1 Rc8 20.Nxc7 Rxc7 21.Bxb6 Rca7 22.Bxa5 Rxa5
23.Rb8+ Bf8 24.Qc3 Ra4 25.c5 dxc5 26.Qxc5 Rd4 27.Kh1 Bd7 28.Qd6 Ba4 29.Qe6+ Kg7
30.Rb7+ Kh8 31.Qf7  1-0

[Event "OIS"]
[Site "Munich GER"]
[Date "2010.09.29"]
[Round "5"]
[White "Jorczik,J"]
[Black "Raykhman,A"]
[Result "1-0"]
[WhiteElo "2398"]
[BlackElo "2389"]

1.d4 Nf6 2.c4 g6 3.Nc3 Bg7 4.e4 d6 5.Be2 O-O 6.Nf3 e5 7.Be3 Qe8 8.dxe5 Ng4
9.Bg5 Nxe5 10.Nd4 Nbc6 11.Ndb5 f6 12.Be3 Rf7 13.Nd5 Qd8 14.f4 a6 15.Nbxc7  1-0

[Event "39th Olympiad Women"]
[Site "Khanty-Mansiysk RUS"]
[Date "2010.09.30"]
[Round "9"]
[White "Karavade,E"]
[Black "Linares Napoles,O"]
[Result "1-0"]
[WhiteElo "2365"]
[BlackElo "2328"]

1.d4 Nf6 2.c4 g6 3.Nc3 Bg7 4.e4 d6 5.Nf3 O-O 6.Be2 e5 7.O-O Na6 8.Be3 Ng4
9.Bg5 Qe8 10.dxe5 dxe5 11.h3 h6 12.Bd2 Nf6 13.Be3 Qe7 14.Nd5 Qd8 15.Qc2 c6
16.Nxf6+ Qxf6 17.c5 Nc7 18.Rad1 Be6 19.Nd2 Qe7 20.Nc4 f5 21.f3 f4 22.Bf2 h5
23.Nd6 Rab8 24.Bc4 Rfd8 25.Rd3 Kh7 26.Rfd1 Bf6 27.Kf1 b5 28.cxb6 axb6 29.Bxe6 Nxe6
30.Nc4 Rxd3 31.Rxd3 c5 32.Rd5 Nc7 33.Rd6 Na8 34.Qd2 Rb7 35.Qd5 Kg7 36.Re6 Qd7
37.Nd6 Ra7 38.Ne8+ Kh6 39.Nxf6 Qb5+ 40.Kg1 Qxb2 41.Qd8  1-0

[Event "39th Olympiad Women"]
[Site "Khanty-Mansiysk RUS"]
[Date "2010.09.30"]
[Round "9"]
[White "Kashlinskaya,A"]
[Black "Khotenashvili,B"]
[Result "1-0"]
[WhiteElo "2358"]
[BlackElo "2464"]

1.d4 Nf6 2.c4 g6 3.Nc3 Bg7 4.e4 d6 5.Nf3 O-O 6.Be2 e5 7.O-O Na6 8.Be3 Ng4
9.Bg5 Qe8 10.dxe5 dxe5 11.h3 h6 12.Bd2 Nf6 13.Be3 b6 14.a3 Bb7 15.Qc2 c5
16.Nd5 Nxd5 17.cxd5 f5 18.Rfd1 Qd7 19.Bd2 fxe4 20.Qxe4 Qd6 21.Bc3 Rf4 22.Qe3 Re8
23.g3 Rf7 24.Nd2 Qxd5 25.f3 Qe6 26.Bc4 Bd5 27.Bxa6 Ref8 28.Rf1 Qxh3 29.Ne4 c4
30.Be1 h5 31.Rd1 Qe6 32.Bb4 Rb8 33.Bb5 a6 34.Ng5 Bh6 35.Ba4 a5 36.Bc3 Bxg5
37.Qxg5 Bxf3 38.Bd7 Rxd7 39.Rxd7 Bc6 40.Rd8+ Rxd8 41.Qxd8+ Kh7 42.Qc7+  1-0

[Event "21st Open"]
[Site "Goch GER"]
[Date "2010.10.03"]
[Round "7.5"]
[White "Vasiljevs,J"]
[Black "Zozulia,A"]
[Result "0-1"]
[WhiteElo "2175"]
[BlackElo "2343"]

1.d4 Nf6 2.c4 g6 3.Nc3 Bg7 4.e4 d6 5.Nf3 O-O 6.Be2 Nbd7 7.O-O e5 8.dxe5 dxe5
9.Qc2 c6 10.b4 a5 11.b5 Re8 12.Ba3 Bf8 13.Bxf8 Kxf8 14.Qd2 Qe7 15.Qh6+ Kg8
16.h3 Nc5 17.Ng5 Qf8 18.Qxf8+ Kxf8 19.f4 Kg7 20.fxe5 Rxe5 21.Nf3 Re7 22.bxc6 bxc6
23.Nd4 Bd7 24.Bf3 Nfxe4 25.Nxe4 Nxe4 26.Rfe1 Rae8 27.Nb3 a4 28.Nd4 c5 29.Nc2 Nd2
30.Bd5 Bf5 31.Rxe7 Rxe7 32.Na3 Re2 33.Nb5 Be4 34.Kh1 Bb1 35.Nc3 Re1+ 36.Kh2 a3
37.Na4 f5 38.Nxc5 Nf1+ 39.Kg1 Ne3+ 40.Kf2 Nc2 41.Ne6+ Kf6 42.c5 Rc1 43.Rxb1 Rxb1
44.c6 Nb4 45.c7 Rc1 46.Bb7 Kxe6 47.c8=Q+ Rxc8 48.Bxc8+ Ke5 49.Ke3 Nxa2 50.Kd3 Nb4+
51.Kc3 a2 52.Kb2 Kf4 53.Bb7 Kg3 54.Ba8 Nd3+ 55.Kxa2 Nf4  0-1

[Event "Tatry Open"]
[Site "Tatranske Zruby CZE"]
[Date "2010.10.03"]
[Round "2"]
[White "Horak,V"]
[Black "Farkas,V"]
[Result "1/2-1/2"]
[WhiteElo "2082"]
[BlackElo "1946"]

1.d4 Nf6 2.c4 d6 3.Nc3 g6 4.e4 Bg7 5.Nf3 O-O 6.Be2 Nbd7 7.O-O e5 8.dxe5 Nxe5
9.Nxe5 dxe5 10.Be3 Qe7 11.Qc2 c6 12.Rfd1 Ng4 13.Bxg4 Bxg4 14.f3 Be6 15.b3 b6
16.c5 b5 17.Rd6 Qc7 18.Rad1 Rfe8 19.a4 b4 20.Nb1 Bf8 21.R6d3 f5 22.Nd2 Qf7
23.Rc1 f4 24.Bf2 g5 25.Qd1 a5 26.Nc4 Bxc4 27.Rxc4 Ra7 28.Rc2 Be7 29.Rcd2 Qe6
30.Rd7 Rea8 31.Kf1 Kf8 32.h3 Ke8 33.Rxa7 Rxa7 34.Ke2 h5 35.Rd3 h4 36.Kd2 Rd7
37.Kc2 Ra7  1/2-1/2

[Event "Tatry Open"]
[Site "Tatranske Zruby CZE"]
[Date "2010.10.04"]
[Round "4"]
[White "Turna,S"]
[Black "Dobrovolsky,L"]
[Result "1/2-1/2"]
[WhiteElo "2249"]
[BlackElo "2365"]

1.d4 Nf6 2.c4 d6 3.Nc3 Nbd7 4.Nf3 e5 5.e4 g6 6.Be2 Bg7 7.O-O O-O 8.d5 Nc5
9.Qc2 a5 10.Bg5 h6 11.Be3 Ne8 12.a3 f5 13.Nd2 f4 14.Bxc5 dxc5 15.b4 Qe7 16.bxc5 Qxc5
17.Na4 Qe7 18.c5 g5 19.Rab1 g4 20.d6 cxd6 21.Nb6 Rb8 22.Nxc8 Rxc8 23.Bxg4 Rxc5
24.Qb3+ Kh8 25.Qxb7 Qxb7 26.Rxb7 Nf6 27.Bf5 d5 28.exd5 Rxd5 29.Nf3 Re8 30.Nh4 e4
31.Bg6 Red8 32.Bf5 Re8 33.Bg6 Red8  1/2-1/2

[Event "FSFMB October"]
[Site "Budapest HUN"]
[Date "2010.10.08"]
[Round "7"]
[White "Batari,Z"]
[Black "Muller,Dan2"]
[Result "0-1"]
[WhiteElo "1708"]
[BlackElo "1535"]

1.d4 Nf6 2.c4 g6 3.Nc3 Bg7 4.e4 d6 5.Nf3 O-O 6.Be2 Nbd7 7.O-O e5 8.d5 Nc5
9.Bg5 a5 10.Qd2 Qe8 11.Bxf6 Bxf6 12.Nb5 Qe7 13.Bd3 Bg4 14.Qe3 Bg7 15.h3 Bxf3
16.Qxf3 f5 17.Qe2 f4 18.f3 g5 19.Bc2 h5 20.Nc3 Rf6 21.Nd1 Rh6 22.Nf2 Rf8
23.a3 Bf6 24.b4 axb4 25.axb4 Na6 26.b5 Nc5 27.Ra7 g4 28.fxg4 Bh4 29.Qf3 Rg6
30.gxh5 Rg3 31.Qe2 f3 32.Qd2 Rxg2+ 33.Kh1 Qg7  0-1

[Event "Tatry Open"]
[Site "Tatranske Zruby CZE"]
[Date "2010.10.08"]
[Round "8"]
[White "Skreno,V"]
[Black "Kubik,M"]
[Result "1/2-1/2"]
[WhiteElo "2160"]
[BlackElo "1806"]

1.Nf3 Nf6 2.c4 g6 3.Nc3 Bg7 4.e4 d6 5.Be2 O-O 6.d4 e5 7.dxe5 dxe5 8.Qxd8 Rxd8
9.Bg5 Nbd7 10.Rd1 c6 11.Nxe5 Re8 12.Nxd7 Nxd7 13.f3 Nc5 14.Be3 Bxc3+ 15.bxc3 Na4
16.Bd4 f5 17.c5 fxe4 18.O-O exf3 19.Bxf3 Bf5 20.Rd2 Rad8 21.Rdf2 Bd3 22.Rd1 Bc4
23.h4 Nxc5 24.Bxc5 Rxd1+ 25.Bxd1 Re1+ 26.Kh2 Rxd1 27.Bxa7 Ra1 28.Bc5 Rxa2
29.Rxa2 Bxa2 30.Kg3 Bd5 31.Kf2 Kf7 32.g3 Ke6 33.Ke3 Ke5 34.Bb6 Be6 35.Bc7+ Kd5
36.Bf4 Bf5 37.Kd2 c5 38.Kc1 b5 39.Kb2 Be4 40.Bg5 Kc4 41.Be7 Kd5  1/2-1/2

[Event "Tatry Open"]
[Site "Tatranske Zruby CZE"]
[Date "2010.10.08"]
[Round "8"]
[White "Zdrazil,B"]
[Black "Vavra,R"]
[Result "1/2-1/2"]
[WhiteElo "1915"]
[BlackElo "2064"]

1.d4 Nf6 2.Nf3 g6 3.c4 Bg7 4.Nc3 O-O 5.e4 d6 6.Be2 e5 7.dxe5 dxe5 8.O-O Nc6
9.Bg5 Qxd1 10.Rfxd1 Bg4 11.Rd2 Bxf3 12.Bxf3 Nd4 13.Bd1 c6 14.Be3 c5 15.g4 h6
16.f3  1/2-1/2

[Event "I Memorial Oliver Gonzalez"]
[Site "Madrid ESP"]
[Date "2010.10.09"]
[Round "1"]
[White "Rodriguez Vignote,J"]
[Black "Gallardo Garcia,A"]
[Result "0-1"]
[WhiteElo "1910"]
[BlackElo "2373"]

1.d4 Nf6 2.c4 g6 3.Nc3 Bg7 4.e4 d6 5.Be2 O-O 6.Nf3 Na6 7.O-O e5 8.Re1 c6
9.Bf1 exd4 10.Nxd4 Ng4 11.h3 Ne5 12.Be3 f5 13.exf5 gxf5 14.Qd2 Nf7 15.Rad1 Qf6
16.Nde2 Qh4 17.b3 Nc5 18.Bf4 Be5 19.g3 Qf6 20.Bg2 Ne6 21.Bxe5 dxe5 22.Qe3 f4
23.Ne4 Qg7 24.Qc3 Nfg5 25.h4 Nxe4 26.Bxe4 Nc5 27.Nc1 Bg4 28.Rd2 Rae8 29.Nd3 Nxe4
30.Rxe4 fxg3 31.Rxe5 h6 32.fxg3 Bf5  0-1

[Event "4NCL Team Rapid"]
[Site "Newport Pagnell ENG"]
[Date "2010.10.09"]
[Round "9"]
[White "Rudd,J"]
[Black "Jones,G"]
[Result "0-1"]
[WhiteElo "2251"]
[BlackElo "2576"]

1.Nf3 d6 2.d4 Nf6 3.c4 g6 4.Nc3 Bg7 5.e4 O-O 6.Be2 e5 7.Be3 Nbd7 8.O-O Qe7
9.d5 Ng4 10.Bd2 f5 11.Ng5 Ndf6 12.f3 Nh6 13.Rc1 f4 14.b4 Ne8 15.Ne6 Bxe6
16.dxe6 Qxe6 17.c5 Kh8 18.Nb5 c6 19.Bc4 Qd7 20.Nxd6 Nxd6 21.cxd6 Qxd6 22.Bc3 Rad8
23.Qxd6 Rxd6 24.b5 Rc8 25.Bb4 c5 26.Bd5 b6 27.Bc3 Ng8 28.a4 Ne7 29.Bc4 Rcd8
30.Kf2 Bf6 31.Ke2 Kg7 32.g3 g5 33.gxf4 gxf4 34.Rg1+ Ng6 35.h4 h5 36.a5 Kh6
37.axb6 axb6 38.Ra1 Bxh4 39.Ra7 Bg3 40.Rf7 h4 41.Rh1 Ra8 42.Rf5 Ra3 43.Bd2 Rd4
44.Bf7 c4 45.Rf6 Kg7 46.Rxg6+ Kxf7 47.Rxb6 Ra2  0-1

[Event "TCh-ISL Div 1 2010-11"]
[Site "Reykjavik ISL"]
[Date "2010.10.09"]
[Round "3.3"]
[White "Kjartansson,G"]
[Black "Maze,S"]
[Result "1/2-1/2"]
[WhiteElo "2373"]
[BlackElo "2572"]

1.c4 Nf6 2.Nc3 g6 3.d4 Bg7 4.e4 d6 5.Nf3 O-O 6.Be2 Na6 7.O-O e5 8.Be3 c6
9.d5 Ng4 10.Bg5 f6 11.Bh4 c5 12.a3 h5 13.Ne1 Nh6 14.f3 Nf7 15.Nc2 Bh6 16.Bd3 Kg7
17.Rb1 Bd7 18.b4 b6 19.Qe2 Bg5 20.Bf2 h4 21.Ne3 Rh8 22.Be1 Bf4 23.Ncd1 Rh5
24.Bc3 Qh8 25.Nf2 Bg3 26.Nh1 Bf4 27.Nf2 Ng5 28.b5 Nc7 29.a4 Rf8 30.a5 f5
31.axb6 axb6 32.exf5 gxf5 33.Ra1 Rf6  1/2-1/2

[Event "Continental Class Ch"]
[Site "Arlington USA"]
[Date "2010.10.10"]
[Round "6"]
[White "Chiang,Sarah"]
[Black "Yanayt,E"]
[Result "0-1"]
[WhiteElo "1864"]
[BlackElo "2153"]

1.d4 Nf6 2.c4 g6 3.Nc3 Bg7 4.e4 d6 5.Be2 O-O 6.Nf3 e5 7.d5 a5 8.Bg5 Na6 9.Nd2 Qe8
10.O-O Bd7 11.b3 h6 12.Be3 Nh7 13.a3 f5 14.f3 f4 15.Bf2 g5 16.Rb1 Rf7 17.b4 axb4
18.axb4 Bf8 19.Kh1 Rg7 20.c5 dxc5 21.bxc5 Nxc5 22.Bxc5 Bxc5 23.Rxb7 Bc8 24.Rb2 Nf6
25.Qb3 Bd6 26.Nb5 Nh5 27.Rc1 g4 28.Nxd6 cxd6 29.Bb5 Qd8 30.Bc6 Qh4 31.Bxa8 Ng3+
32.Kg1 Ne2+ 33.Kf1 Nxc1 34.Qc4 Qd8 35.Rc2 gxf3 36.Nxf3 Bg4 37.Rxc1 Qxa8 38.Qc6 Qb8
39.h3 Bd7 40.Qc3 Qb6 41.Ne1 Bb5+ 42.Nd3 Rc7  0-1

[Event "Continental Class Ch"]
[Site "Arlington USA"]
[Date "2010.10.10"]
[Round "6"]
[White "Kacheishvili,G"]
[Black "Perelshteyn,E"]
[Result "1/2-1/2"]
[WhiteElo "2568"]
[BlackElo "2528"]

1.d4 Nf6 2.c4 g6 3.Nc3 Bg7 4.e4 d6 5.Nf3 O-O 6.Be2 Na6 7.O-O e5 8.Be3 Ng4
9.Bg5 Qe8 10.dxe5 dxe5 11.Qc1 h6 12.Bd2 Kh7 13.h3 Nf6 14.Be3 c6 15.Rd1 Qe7
16.c5 Nh5 17.Bxa6 bxa6 18.Rd6 Qb7 19.Nd2 Be6 20.Nb3 Bxb3 21.axb3 Rfc8 22.Qf1 Qxb3
23.Rxa6 Qxb2 24.Qc4 Nf4 25.Kh2 Qb7 26.Qa4 Qb2 27.Qc4 Qb7 28.Qa4 Qb2 29.Qc4  1/2-1/2

[Event "4NCL Individual Rapid"]
[Site "Newport Pagnell ENG"]
[Date "2010.10.10"]
[Round "6"]
[White "Buckley,D"]
[Black "Jones,G"]
[Result "0-1"]
[WhiteElo "2237"]
[BlackElo "2576"]

1.d4 Nf6 2.c4 g6 3.Nc3 Bg7 4.e4 d6 5.Be2 O-O 6.Nf3 e5 7.O-O Nbd7 8.Be3 c6
9.d5 c5 10.Nd2 Kh8 11.a3 Ng8 12.b4 Bh6 13.Bxh6 Nxh6 14.Nb3 b6 15.Qd2 Ng8
16.Nb5 Qe7 17.bxc5 Nxc5 18.Nxc5 bxc5 19.Qa5 a6 20.Nc3 f5 21.Bd3 f4 22.f3 g5
23.Na4 g4 24.Nb6 Qd8 25.Rab1 Rb8 26.Rb2 Rf7 27.Rfb1 Rfb7 28.Bc2 g3 29.h3 Qh4
30.Na4 Bxh3 31.gxh3 Qxh3 32.Qd2 g2 33.Qxg2 Rg7 34.Qxg7+ Kxg7 35.Rxb8 Qg3+
36.Kf1 Qxf3+ 37.Ke1 Qg3+ 38.Kd1 Qg1+ 39.Kd2 Qe3+ 40.Kd1 f3 41.R1b7+ Kh8 42.Rf8 f2
43.Rxf2 Qxf2 44.Nb6 h5 45.Nc8 Qg1+ 46.Kd2 Qg5+ 47.Kd3 Qd8 48.Na7 h4 49.Nc6 Qg5
50.Rb8 h3 51.Nd8 Qf6  0-1

[Event "4NCL Individual Rapid"]
[Site "Newport Pagnell ENG"]
[Date "2010.10.10"]
[Round "7"]
[White "Pritchett,C"]
[Black "Hebden,M"]
[Result "1-0"]
[WhiteElo "2314"]
[BlackElo "2556"]

1.Nf3 Nf6 2.c4 g6 3.Nc3 Bg7 4.e4 O-O 5.d4 d6 6.Be2 e5 7.Be3 Ng4 8.Bg5 f6
9.Bh4 Nc6 10.d5 Ne7 11.Nd2 Nh6 12.h3 c5 13.dxc6 bxc6 14.O-O Be6 15.Qa4 g5
16.Bg3 f5 17.exf5 Nhxf5 18.Nde4 h6 19.Bg4 Qd7 20.Rad1 Nd4 21.Bxe6+ Qxe6 22.Rfe1 a5
23.Nxg5 hxg5 24.Rxd4 d5 25.cxd5 cxd5 26.Rd2 e4 27.Qd1 Rf5 28.Nb5 Qb6 29.Nd6 Rff8
30.Rxd5 Nxd5 31.Qxd5+ Kh8 32.Qxg5 Rf6 33.Qh5+ Rh6 34.Nf7+ Kh7 35.Nxh6 Qxh6
36.Qxh6+ Kxh6 37.Rxe4 Bxb2 38.Be5 Bc1 39.Bf4+ Bxf4 40.Rxf4 Kg5 41.g3 a4 42.h4+ Kg6
43.a3 Ra7 44.Kg2 Ra8 45.Kh3 Ra7 46.g4 Ra8 47.Kg3 Ra7 48.h5+ Kg5 49.Rb4 Ra6
50.f4+ Kf6 51.g5+ Kf5 52.Rb5+ Ke4 53.Re5+ Kd4 54.h6  1-0

[Event "4NCL Individual Rapid"]
[Site "Newport Pagnell ENG"]
[Date "2010.10.10"]
[Round "9"]
[White "Pritchett,C"]
[Black "Zhou,Y"]
[Result "0-1"]
[WhiteElo "2314"]
[BlackElo "2320"]

1.Nf3 Nf6 2.c4 g6 3.Nc3 Bg7 4.e4 d6 5.d4 O-O 6.Be2 Nbd7 7.O-O e5 8.Be3 Re8
9.d5 Nh5 10.g3 Bf8 11.Ne1 Ng7 12.Nd3 f5 13.Qd2 Be7 14.Rac1 Rf8 15.b4 Nb6
16.Nb2 f4 17.gxf4 exf4 18.Bxf4 Bh3 19.Rfe1 Nd7 20.Bg3 Bg5 21.f4 Bh6 22.Nd3 Qf6
23.Nf2 g5 24.Nxh3 gxf4 25.Bxf4 Bxf4 26.Nxf4 Qg5+ 27.Kh1 Rxf4 28.Rg1 Qe5 29.Rcf1 Raf8
30.Rxf4 Rxf4 31.Rf1 Rh4 32.Bd3 Nh5 33.Rg1+ Kf7 34.Qf2+ Qf4 35.Rf1 Ndf6 36.Ne2 Qxf2
37.Rxf2 Ke7 38.Nc3 Rh3 39.Rd2 Nf4 40.Nb5 Rxd3 41.Rxd3 Nxd3 42.Nxc7 Nxb4 43.Nb5 Nxe4
44.Nxa7 Nxa2 45.Kg2 Nd2 46.Nc8+ Kd7 47.Nb6+ Kc7 48.Na4 Nxc4 49.Kf3 b5  0-1

[Event "TCh-HUN 2010-11"]
[Site "Paks HUN"]
[Date "2010.10.10"]
[Round "1"]
[White "Ivanisevic,I"]
[Black "Nevednichy,V"]
[Result "1/2-1/2"]
[WhiteElo "2613"]
[BlackElo "2577"]

1.d4 g6 2.c4 Bg7 3.Nc3 Nf6 4.e4 d6 5.Nf3 O-O 6.Be2 e5 7.Be3 Ng4 8.Bg5 f6
9.Bc1 exd4 10.Nxd4 f5 11.h3 Nh6 12.Bxh6 Bxh6 13.exf5 gxf5 14.O-O c6 15.Nb3 Na6
16.Qd4 Bg7 17.Qd2 Nc5 18.Rad1 Ne4 19.Nxe4 fxe4 20.Nc5 Re8 21.b4 Qh4 22.Nb3 Kh8
23.Qe3 Be5 24.Kh1 Bf4 25.Qc3+ Be5 26.Qe3 Bf4 27.Qc3+ Be5 28.Qe3  1/2-1/2

[Event "TCh-SWE Elitserien 2010-11"]
[Site "Sweden SWE"]
[Date "2010.10.10"]
[Round "3"]
[White "Andersson,Fred2"]
[Black "Zachrisson,M"]
[Result "1/2-1/2"]
[WhiteElo "2292"]
[BlackElo "2049"]

1.d4 Nf6 2.c4 g6 3.Nc3 Bg7 4.e4 d6 5.Nf3 O-O 6.Be2 e5 7.O-O Nbd7 8.Be3 h6
9.d5 Ng4 10.Bd2 f5 11.Ne1 Ngf6 12.exf5 gxf5 13.f3 a5 14.Nd3 b6 15.Qc2 Ba6
16.b3 Qe7 17.Rae1 Qf7 18.Kh1  1/2-1/2

[Event "TCh-SWE Elitserien 2010-11"]
[Site "Sweden SWE"]
[Date "2010.10.10"]
[Round "3"]
[White "Arnelind,M"]
[Black "Glimbrant,T"]
[Result "1/2-1/2"]
[WhiteElo "2192"]
[BlackElo "2248"]

1.d4 Nf6 2.c4 g6 3.Nc3 Bg7 4.e4 d6 5.Nf3 O-O 6.Be2 e5 7.dxe5 dxe5 8.Qxd8 Rxd8
9.Bg5 Re8 10.Nd5 Nxd5 11.cxd5 c6 12.Bc4 cxd5 13.Bxd5 Nd7 14.Nd2 Nc5 15.O-O-O Be6
16.Bxe6 Nxe6 17.Be3 Bf8 18.Nb3 a5 19.Rd5 a4 20.Nd2 Nf4 21.Bxf4 exf4 22.f3 Rac8+
23.Kb1 Red8 24.Rxd8 Rxd8 25.Kc2 Bb4 26.Nb1 Rc8+ 27.Nc3 b5 28.a3 Bf8 29.Rd1 h5
30.Rd5 b4 31.axb4 Bxb4 32.Rd4 Bxc3 33.bxc3 Ra8 34.Kb2 a3+ 35.Ka2 Kg7 36.Rb4 Kf6
37.Rb3 g5 38.Rxa3 Rd8 39.Ra6+ Ke7 40.Kb3 g4 41.Ra5 Rd2 42.Rxh5 Rxg2 43.fxg4 Rxg4
44.Re5+ Kf6 45.Rf5+ Ke6 46.Kc4 Rh4 47.Kd4 Rxh2 48.Rxf4 Rd2+ 49.Ke3 Rd1 50.Rf5 Re1+
51.Kd3 Rd1+ 52.Ke2 Rd8 53.Ra5 f6 54.Ke3 Rd1 55.Rb5 Re1+ 56.Kd3 Rd1+ 57.Ke2 Rc1
58.Kd2 Rh1 59.Rf5 Ra1 60.Rd5 Rh1 61.c4 Ra1 62.c5 Ra3 63.Rd3 Ra4 64.Ke3 Rc4
65.Rd5 Rc2 66.Kd3 Rc1 67.Rf5 Ra1 68.Rf2  1/2-1/2

[Event "Karen Asrian Memorial"]
[Site "Jermuk ARM"]
[Date "2010.10.12"]
[Round "8"]
[White "Poghosyan,S"]
[Black "Hayrapetian,A"]
[Result "0-1"]
[WhiteElo "2335"]
[BlackElo "2362"]

1.d4 Nf6 2.c4 g6 3.Nc3 Bg7 4.e4 d6 5.Be2 O-O 6.Nf3 e5 7.O-O Nbd7 8.Qc2 exd4
9.Nxd4 Nc5 10.Rd1 Qe7 11.f3 c6 12.b4 Ncd7 13.b5 c5 14.Nb3 Ne5 15.Bg5 Qe6
16.Nd5 Nxd5 17.Rxd5 f5 18.Rad1 Qe8 19.Bc1 fxe4 20.Qxe4 Bf5 21.Qh4 Nf7 22.Bf1 a6
23.Re1 Qc8 24.Bf4 Rd8 25.b6 Qc6 26.Re7 Rd7 27.Na5 Qxb6 28.g4 Qd8 29.Rxd7 Qxh4
30.Bg3 Qxg3+  0-1

[Event "TCh-CHN"]
[Site "Guangzhou CHN"]
[Date "2010.10.13"]
[Round "13"]
[White "Xiu Deshun"]
[Black "Li Shilong"]
[Result "1/2-1/2"]
[WhiteElo "2493"]
[BlackElo "2514"]

1.Nf3 Nf6 2.c4 g6 3.Nc3 Bg7 4.e4 O-O 5.d4 d6 6.Be2 e5 7.Be3 c6 8.d5 Ng4 9.Bg5 f6
10.Bh4 c5 11.O-O h5 12.h3 Nh6 13.Ne1 Nd7 14.Nd3 a6 15.a3 g5 16.Bg3 f5 17.exf5 h4
18.Bh2 Nf6 19.Bg4 e4 20.Ne1 Nxf5 21.Nc2 Re8 22.Re1 Nxg4 23.hxg4 Bxc3 24.bxc3 Nh6
25.f3 b6 26.Qd2 Ra7 27.Re2 exf3 28.Rxe8+ Qxe8 29.gxf3 Nf7 30.Re1 Re7 31.Rxe7 Qxe7
32.Qd3 Kg7 33.Kf2 Qf6 34.Ne3 Bd7 35.Kg2 Ne5 36.Qe4 Ng6 37.Nd1 Ba4 38.Nf2 Ne5
39.Qe2 Nf7 40.Ne4 Qe7 41.Kf2 Kf8 42.Qb2 Qd8 43.Qd2 Qe7 44.Qb2 Qd8 45.Qb1 Kg7
46.Kg2 Be8 47.Qe1 Qe7 48.Kf2 Kf8 49.Qe3 Bd7 50.Kg2 Bc8 51.Kh3 Kg7 52.Qe1 Kf8
53.Qe3 Kg7 54.Kg2 Kf8 55.Kf2 Bd7 56.Qe2 Bc8 57.Qe1 Qd8 58.Kf1 Qe7 59.Kf2  1/2-1/2

[Event "Lichtenrader Herbst"]
[Site "Berlin GER"]
[Date "2010.10.17"]
[Round "2"]
[White "Meissner,HJ"]
[Black "Lerch,Ph"]
[Result "1-0"]
[WhiteElo "2233"]
[BlackElo "1965"]

1.d4 Nf6 2.Nf3 g6 3.c4 Bg7 4.Nc3 O-O 5.e4 d6 6.Be2 e5 7.O-O exd4 8.Nxd4 Re8
9.f3 Nc6 10.Nc2 Be6 11.Bg5 h6 12.Bh4 g5 13.Bf2 Nd7 14.Re1 Nde5 15.Ne3 Ne7
16.Qc2 Qd7 17.Rad1 c6 18.Rd2 Qc7 19.Red1 Rad8 20.Bf1 Rf8 21.Ne2 c5 22.Ng3 N5c6
23.Nd5 Bxd5 24.cxd5 Ne5 25.h4 N5g6 26.hxg5 hxg5 27.Nh5 Nf4 28.Nxg7 Kxg7 29.b4 b6
30.bxc5 bxc5 31.e5 Rc8 32.Qc3 Kg8 33.g3 Nfg6 34.exd6 Qxd6 35.Bh3 Rc7 36.Qe3 Kg7
37.Qxg5 Rh8 38.Bg2 f6 39.Qe3 Nf5 40.Qe6 Qxe6 41.dxe6 Nfe7 42.Rc2 Rhc8 43.f4 Nf8
44.Rd6 Nf5 45.Rd5 Ne7 46.Rdxc5 Nxe6 47.Rxc7 Rxc7 48.Rxc7 Nxc7 49.Bxa7 Nf5
50.Bf2 Nd6 51.a4  1-0

[Event "32nd Open"]
[Site "Arco ITA"]
[Date "2010.10.18"]
[Round "3"]
[White "Szabo,Ben"]
[Black "Maurer,F"]
[Result "1-0"]
[WhiteElo "2375"]
[BlackElo "2156"]

1.d4 Nf6 2.c4 g6 3.Nc3 Bg7 4.e4 d6 5.Nf3 O-O 6.Be2 e5 7.O-O Na6 8.Re1 exd4
9.Nxd4 Nc5 10.Bf1 Re8 11.f3 a5 12.Ndb5 Be6 13.Be3 Nfd7 14.Rc1 Nb6 15.b3 Bd7
16.Qd2 Qc8 17.Qf2 Bf8 18.Bd4 Bxb5 19.cxb5 Nbd7 20.Nd5 c6 21.Nf4 Ne6 22.Nxe6 fxe6
23.bxc6 bxc6 24.f4 Qb7 25.f5 e5 26.fxg6 hxg6 27.Bc4+ Kh7 28.Qf7+  1-0

[Event "Lichtenrader Herbst"]
[Site "Berlin GER"]
[Date "2010.10.22"]
[Round "7"]
[White "Stern,R"]
[Black "Meissner,HJ"]
[Result "1-0"]
[WhiteElo "2506"]
[BlackElo "2233"]

1.d4 Nf6 2.c4 g6 3.Nc3 Bg7 4.e4 d6 5.Nf3 O-O 6.Be2 Na6 7.O-O e5 8.Be3 c6
9.d5 c5 10.Bg5 Qd7 11.Ne1 Ne8 12.Kh1 f5 13.exf5 gxf5 14.f4 Bf6 15.Bxf6 Rxf6
16.Nd3 e4 17.Nf2 Qe7 18.g4 Rh6 19.Rg1 Rg6 20.g5 Rg7 21.Rg3 Nec7 22.Qd2 Bd7
23.Nfd1 Rf8 24.Ne3 Na8 25.Rag1 Nb6 26.R1g2 Be8 27.Kg1 Kh8 28.Kf2 Rgg8 29.h4 Qg7
30.Ke1 Qd4 31.a3 Qxd2+ 32.Kxd2 Nc7 33.h5 Rg7 34.b3 Bd7 35.Rg1 Rfg8 36.Nf1 h6
37.gxh6 Rxg3 38.Rxg3 Ne8 39.Nd1 Nc8 40.Nde3 Ne7 41.Rxg8+ Nxg8 42.Ng3 Nxh6
43.Bf1 Ng7 44.Bh3 Kg8 45.b4 b6 46.Nxe4 fxe4 47.Bxd7 Nxh5 48.Ng2 Kf7 49.Ke3 Ke7
50.Be6 Nf6 51.b5 Kf8 52.Nh4 Kg7 53.Bh3 Kf7 54.Nf5 Nxf5+ 55.Bxf5 Kg7 56.Bxe4 Kh6
57.Kf3 Kh5 58.Bd3 Kh6 59.Kg3 Kh5 60.Bf5 Kh6 61.Bc2 Kh5 62.Bd3 Ne8 63.Bf5 Nf6
64.Kf3 Kh6 65.Be6 Kg6 66.Bh3 Kh5 67.Bf1 Kh4 68.Be2 Kh5 69.Bd1 Kg6 70.Bc2+ Kh5
71.a4 Kh4 72.Bg6 Kh3 73.f5 Kh4 74.Kf4 Ng4 75.f6 Nxf6 76.Kf5 Ng4 77.Ke6 Ne5
78.Kxd6 Nxg6 79.Kc7 Kg4 80.d6 Kf5 81.d7 Nf8 82.d8=N Ke5 83.Nc6+ Ke4 84.Nxa7 Kd4
85.a5  1-0

[Event "15th European Club Cup Women"]
[Site "Plovdiv BUL"]
[Date "2010.10.22"]
[Round "6"]
[White "Atalik,E"]
[Black "Savina,A"]
[Result "1/2-1/2"]
[WhiteElo "2447"]
[BlackElo "2404"]

1.d4 Nf6 2.c4 g6 3.Nc3 Bg7 4.e4 d6 5.Nf3 O-O 6.Be2 e5 7.O-O Na6 8.Be3 Ng4
9.Bg5 Qe8 10.Re1 h6 11.Bh4 Nf6 12.Bxf6 Bxf6 13.c5 exd4 14.Nd5 Qd8 15.Bxa6 bxa6
16.cxd6 cxd6 17.Nxf6+ Qxf6 18.Qxd4 Qxd4 19.Nxd4 Rb8 20.b3 Bd7 21.Rac1 Rfc8
22.f3 a5 23.Kf2 a4 24.Ke3 axb3 25.Rxc8+ Bxc8 26.axb3 Be6 27.Ra1 Rb7 28.Ra3 Kf8
29.Kd3 Ke8 30.Kc3 Kd7 31.Ra5 Kc7 32.Ra6 Bc8 33.Rc6+ Kd7 34.Rc4 a6 35.Ra4 Rc7+
36.Kd2 Rc5 37.Nc2 Rb5 38.Kc3 Bb7 39.Nb4 Rc5+ 40.Kb2 a5 41.Nd3 Rg5 42.g4 Rb5
43.Rd4 Ke6 44.Kc3 Rb6 45.Nf4+ Ke5 46.Nd3+ Ke6 47.Nf4+ Ke5 48.Nd3+ Ke6 49.Nf4+ Ke7
50.Nd5+ Bxd5 51.Rxd5 Rc6+ 52.Kd3 Rb6 53.Kc3 Rc6+ 54.Kd3 Ra6 55.Kc4 Rc6+ 56.Kd3 Rb6  1/2-1/2

[Event "15th European Club Cup Women"]
[Site "Plovdiv BUL"]
[Date "2010.10.23"]
[Round "7"]
[White "Savina,A"]
[Black "Skripchenko,A"]
[Result "1-0"]
[WhiteElo "2404"]
[BlackElo "2464"]

1.d4 d6 2.Nf3 g6 3.c4 Bg7 4.e4 Nf6 5.Nc3 O-O 6.Be2 e5 7.O-O Na6 8.Be3 Ng4
9.Bg5 Qe8 10.Re1 exd4 11.Nd5 f6 12.Bf4 d3 13.Bxd3 Ne5 14.Nd4 c6 15.Nc3 Nc5
16.Bf1 Qf7 17.Bg3 a5 18.Na4 Nxa4 19.Qxa4 f5 20.exf5 gxf5 21.Bf4 Ng6 22.Bxd6 Bxd4
23.c5 Qf6 24.Rad1 Be5 25.Bxf8 Kxf8 26.Qb3 Rb8 27.Bc4 f4 28.Qb6 Bg4 29.f3 Bf5
30.Qa7 Qg7 31.Qxb8+  1-0